Research on species of ornamental fish in phnom penh, ការស្រាវជ្រាវប្រភេទត្រីលំអ នៅរាជធានីភ្នំពេញ, (Record no. 3685)
[ view plain ]
| 000 -LEADER | |
|---|---|
| fixed length control field | 00566nam a22001577a 4500 |
| 003 - CONTROL NUMBER IDENTIFIER | |
| control field | OSt |
| 005 - DATE AND TIME OF LATEST TRANSACTION | |
| control field | 20151120150648.0 |
| 008 - FIXED-LENGTH DATA ELEMENTS--GENERAL INFORMATION | |
| fixed length control field | 151120b xxu||||| |||| 00| 0 eng d |
| 040 ## - CATALOGING SOURCE | |
| Transcribing agency | RUA |
| 082 ## - DEWEY DECIMAL CLASSIFICATION NUMBER | |
| Classification number | FIS អ៊ា 1996 B159 Or.1 |
| 100 ## - MAIN ENTRY--PERSONAL NAME | |
| 9 (RLIN) | 3964 |
| Personal name | អ៊ា វឌ្ឍនា |
| 245 ## - TITLE STATEMENT | |
| Title | Research on species of ornamental fish in phnom penh, ការស្រាវជ្រាវប្រភេទត្រីលំអ នៅរាជធានីភ្នំពេញ, |
| 260 ## - PUBLICATION, DISTRIBUTION, ETC. (IMPRINT) | |
| Place of publication, distribution, etc. | Phnom Penh |
| Name of publisher, distributor, etc. | RUA |
| Date of publication, distribution, etc. | 1996 |
| 300 ## - PHYSICAL DESCRIPTION | |
| Extent | 96p. |
| Other physical details | ill. |
| Dimensions | 29cm. |
| 942 ## - ADDED ENTRY ELEMENTS (KOHA) | |
| Source of classification or shelving scheme | |
| Koha item type | FIS |
| Price effective from | Date last seen | Permanent Location | Not for loan | Date acquired | Source of classification or shelving scheme | Koha item type | Lost status | Withdrawn status | Date last checked out | Total Checkouts | Shelving location | Damaged status | Barcode | Current Location | Full call number |
|---|---|---|---|---|---|---|---|---|---|---|---|---|---|---|---|
| 2015-11-20 | 2015-11-20 | Library Block B | 2015-11-20 | FIS | B159 | RUA011954 | Library Block B | FIS អ៊ា 1996 B159 Or.1 | |||||||
| 2015-11-20 | 2022-06-17 | Library Block B | 2015-11-20 | FIS | 2022-05-31 | 1 | B159 | RUA011472 | Library Block B | FIS អ៊ា 1996 B159 Or.2 | |||||
| 2015-11-20 | 2015-11-20 | Library Block B | 2015-11-20 | FIS | B159 | RUA011439 | Library Block B | FIS អ៊ា 1996 B159 Or.3 | |||||||
| 2015-11-20 | 2015-11-20 | Library Block B | 2015-11-20 | FIS | B159 | RUA025936 | Library Block B | FIS អ៊ា 1996 B159 Or.4 | |||||||
| 2015-11-20 | 2015-11-20 | Library Block B | 2015-11-20 | FIS | B159 | RUA025503 | Library Block B | FIS អ៊ា 1996 B159 Or.5 | |||||||
| 2015-11-20 | 2015-11-20 | Library Block B | 2015-11-20 | FIS | B159 | RUA011093 | Library Block B | FIS អ៊ា 1996 B159 Or.6 | |||||||
| 2015-11-20 | 2024-01-19 | Library Block B | 2015-11-20 | FIS | 2023-10-03 | 2 | B159 | RUA010287 | Library Block B | FIS អ៊ា 1996 B159 Or.7 | |||||
| 2015-11-20 | 2015-11-20 | Library Block B | 2015-11-20 | FIS | B159 | RUA020524 | Library Block B | FIS អ៊ា 1996 B159 Or.8 |